| 000 | 00632nam a2200217 u 4500 | ||
|---|---|---|---|
| 005 | 20230914063534.0 | ||
| 008 | 080125s2007 mx r 000 0 spa d | ||
| 020 | _a8441323194 | ||
| 035 | _aUPN01000153916 | ||
| 049 | _aC | ||
| 050 | 4 |
_aGN740 _bG6.2 |
|
| 100 | 1 | _aGowlett, John | |
| 245 | 1 | 0 |
_aArqueología de las primeras culturas / _bJohn Gowlett. |
| 260 |
_aBarcelona, Esp. : _bFolio, _c2007. |
||
| 300 |
_a212 p. : _bil. col. |
||
| 440 | 0 | _aGrandes civilizaciones del pasado | |
| 650 | 4 |
_aPUEBLOS PREHISTORICOS _912442 |
|
| 650 | 4 |
_aEvolución social _96707 |
|
| 650 | 4 |
_aCIVILIZACION - _xHISTORIA _98253 |
|
| 905 | _aLibro | ||
| 999 |
_c126037 _d126037 |
||